18/ Calendriers de l'Avent - chants de Noël - Statistiques

Statistiques générales
  • Ce quiz a été pris 33 fois
  • Le résultat moyen est 8 sur 24
Statistiques - réponses
Jour Chant % Correct
18 {Noël} blanc
86%
20 Petit {papa Noël}
86%
19 Vive {le vent}
82%
3 Il est {né le divin enfant}
71%
21 La fille du {Père Noël}
64%
17 Mon {beau sapin}
64%
24 Bons baisers {de Fort-de-France}
57%
2 Douce {nuit, sainte nuit}
57%
6 {Minuit,} chrétiens
50%
5 Les anges {dans nos campagnes}
43%
1 Entre le {boeuf et l'ane gris}
36%
4 La marche {des rois}
21%
16 Le petit {renne au nez rouge}
14%
9 Adeste {fideles}
11%
14 Trois anges {sont venus ce soir}
11%
12 Ô divin {enfançon}
7%
8 Venez {divin Messie}
7%
13 La plus belle {nuit du monde}
4%
11 C'est le {jour de la Noël}
0%
23 Chanson {pour Noël}
0%
10 Dans une {étable obscure}
0%
22 Noël des enfants {qui n'ont plus de maison}
0%
7 Noël {nouvelet}
0%
15 Quelle est {cette odeur agréable?}
0%
Aucun quiz correspondant
Distribution des résultats
% des personnes avec chaque résultat
Percentile par nombre de réponses
Votre historique - résultats
Vous n’avez pas pris ce quiz